7 Maravillas - Estadísticas

Estadísticas generales
  • Esta prueba ha sido intentada 16 veces
  • La puntuación promedio es 8 de 28
Estadísticas de respuestas
Maravillas del mundo moderno % Correcto
7 Taj Mahal
81%
6 Coloso de Rodas
69%
1 Cristo Redentor
63%
3 Chichen Itza
56%
6 Coliseo Romano
56%
5 Gran Muralla China
56%
2 Jardines Colgantes de Babilonia
56%
7 Faro de Alejandria
50%
4 Estatua de Zeus en Olimpia
44%
1 Gran Piramide de Guiza
44%
2 Macchu PIcchu
44%
4 Petra
44%
5 Mausoleo de Halicarnaso
38%
1 Amazonas
31%
3 Templo de Artemisa
31%
2 Cataratas del Iguazu
13%
3 Bahia de Ha Long
6%
2 Doha
6%
1 Beirut
6%
4 Isla Jeju
6%
5 Kuala Lumpur
6%
6 La Paz
6%
7 Montaña de la Mesa
6%
5 Parque Nacional de Komodo
6%
6 Rio subterraneo de Puerto Princesa
6%
3 Durban
0%
4 La Habana
0%
7 Vigan
0%
No se encontraron pruebas coincidentes
Distribución de puntuación
Porcentaje de gente con cada puntuación
Porcentaje por número respondido
Historial de tus puntuaciones
No has intentado esta prueba.